| 000 | 00480 a2200157 4500 | ||
|---|---|---|---|
| 003 | Nust | ||
| 005 | 20230306093135.0 | ||
| 040 | _cNust | ||
| 082 | _a320.5,CAR | ||
| 245 | _aTowards Democracy / | ||
| 260 |
_bGeorge Allen _c1920 |
||
| 300 | _a519:p | ||
| 505 | _aTowards Democracy (Page-3), Freedom Beautiful Beyond Compare (Page-111), We are a Menace to you Civilizations (Page-259), Because the Starry Lightning (Page-368). | ||
| 650 |
_a Democracy _912481 |
||
| 942 |
_2ddc _cBK |
||
| 999 |
_c184907 _d184907 |
||